000 004360000a22001690004500
003 LK-CoMWRAF
008 230817t ||||| |||| 00| 0 eng d
040 _aLK-CoMWRAF
_dLK-CoMWRAF
_eLK-CoMWRAF
041 _aeng
082 _a750
_bDEP
100 _aDep, Arthur C.
245 _aThe Egyptian exiles in Ceylon (Sri Lanka)
_b1883-1901
260 _aColombo
_bOrabi Pasha CCC
_c1983
300 _ap.36
650 _amuslims
942 _cBK
999 _c2604
_d2604